000 00582nam a2200205Ka 4500
008
020 _a0631909303 (pbk.)
049 _aMAIN
090 _aQH581.2 ING
100 1 _aIngle, M. R.
245 1 4 _aThe eukaryotic cell :
_bstructure and function /
_cM.R. Ingle.
260 _aOxford :
_bBasil Blackwell,
_c1985.
300 _aiv, 64 p. ;
_c30 cm.
440 0 _aStudies in advanced biology ;
_v1
907 _a.b10054716
_b14-02-07
_c17-04-03
003
005 20230123133230.0
040 _cNUST
942 _cBOOKS
_kQH581.2 ING
999 _c145037
_d145037